Historische Persönlichkeiten (Europa) - II - Statistiken

Allgemein
  • Dieses Quiz wurde 196 mal gespielt
  • Das Durchschnittsergebnis liegt bei 7 aus 15
Antwortstatistiken
Hint Antwort % Korrekt
Niederländischer Maler, der sich nach einem Streit mit Paul Gaugin im alkoholisierten Zustand das linke Ohr abschnitt. Vincent van Gogh
91%
Schwedische Schriftstellerin, die sich bis zu ihrem Tode (2002) für Kinderrechte einsetzte. Astrid Lindgren
78%
Französische Modeschöpferin und Unternehmerin, bekannt für das sogenannte "Kleine Schwarze". Coco Chanel
70%
Britischer Filmregisseur, bekannt durch Filme wie "Psycho" (1960) oder "Die Vögel" (1963) Alfred Hitchcock
68%
Erster Reichskanzler des Deutschen Reiches. Otto von Bismarck
68%
Kroatischer Seefahrer, der in Venedig aufwuchs und Berichte über seine Reisen ins Kaiserreich China verfasste. Marco Polo
59%
Französische Nationalheldin, die von göttlichen Visionen geleitet wurde und als Heilsbringerin im Hunderjährigen Krieg wirkte. Jeanne d’Arc / Johanna von Orléans
55%
Attischer Philosoph (469 - 399 v. Chr), von dem der Satz "Ich weiß, dass ich nichts weiß" stammt. Sokrates
50%
Mit "Schwanensee" verfasste der russische Komponist eines der berühmtesten Ballette der Musikgeschichte. Pjotr Iljitsch Tschaikowski
46%
Deutsche Journalistin und neben Andreas Baader, Gudrun Ensslin und Horst Mahler ein Gründungsmitglied der Roten Armee Fraktion (RAF). Ulrike Meinhof
42%
Mittelalterliche Benediktinerin und Universalgelehrte, die unter anderem naturheilkundige Schriften verfasste. Hildegard von Bingen
35%
Adliger Unterstützer der Französische Revolution. Bekannter allerdings für seine pornografischen Romane, die ihn zum Namensgeber einer Sexualpraktik machten. Marquis de Sade
20%
Gründerväter des Kinos, veranstalteten im Dezember 1895 die erste Filmvorführung vor einem zahlenden Publikum mithilfe eines sogenannten Kinematographen. Brüder Lumière
16%
In Wuppertal wirkende Tänzerin und Choreografin, die internationale Bekanntheit durch die Entwicklung des modernen Tanztheaters erhielt. Pina Bausch
11%
Ehefrau des berühmten Salzburger Komponisten, dessen Werke ins sogenannte Köchelverzeichnis eingetragen wurden. Constanze Mozart (geborene Weber)
8%
Keine übereinstimmenden Quizze gefunden
Verteilung der Resultate
Anzahl Personen mit jedem Resultat
Perzentil nach korrekt beantworteten Fragen
Ihre Resultats-Entwicklung
Sie haben dieses Quiz noch nicht gespielt